Industrial economics and organization : (Record no. 2365)

MARC details
000 -LEADER
fixed length control field 01094nac a22002411u 4500
020 ## - INTERNATIONAL STANDARD BOOK NUMBER
International Standard Book Number 0077104226
082 00 - DEWEY DECIMAL CLASSIFICATION NUMBER
Classification number 338.094
Item number J176
090 ## - LOCALLY ASSIGNED LC-TYPE CALL NUMBER (OCLC); LOCAL CALL NUMBER (OCLC)
-- 2365
-- 2365
100 ## - MAIN ENTRY--PERSONAL NAME
Personal name Jacobson, David,
245 10 - TITLE STATEMENT
Title Industrial economics and organization :
Remainder of title a European perspective /
Statement of responsibility, etc David Jacobson and Bernadette AndreÌ?osso-O'Callaghan.
260 ## - PUBLICATION, DISTRIBUTION, ETC. (IMPRINT)
Place of publication, distribution, etc London :
Name of publisher, distributor, etc McGraw-Hill,2005
Date of publication, distribution, etc 2005.
300 ## - PHYSICAL DESCRIPTION
Extent xii, 602 p. ;
Dimensions 25 cm.
504 ## - BIBLIOGRAPHY, ETC. NOTE
Bibliography, etc Includes bibliographical references (p. 326-354) and index.
650 #0 - SUBJECT ADDED ENTRY--TOPICAL TERM
Topical term or geographic name as entry element Industries
Geographic subdivision European Union countries.
650 #0 - SUBJECT ADDED ENTRY--TOPICAL TERM
Topical term or geographic name as entry element Industrial policy
Geographic subdivision European Union countries.
650 #0 - SUBJECT ADDED ENTRY--TOPICAL TERM
Topical term or geographic name as entry element Deregulation
Geographic subdivision European Union countries.
650 #0 - SUBJECT ADDED ENTRY--TOPICAL TERM
Topical term or geographic name as entry element Industrial location
Geographic subdivision European Union countries.
650 #0 - SUBJECT ADDED ENTRY--TOPICAL TERM
Topical term or geographic name as entry element Industrial organization
Geographic subdivision European Union countries.
650 #0 - SUBJECT ADDED ENTRY--TOPICAL TERM
Topical term or geographic name as entry element Industrial organization (Economic theory)
700 2# - ADDED ENTRY--PERSONAL NAME
Personal name AndreÌ?osso-O'Callaghan, Bernadette,
Dates associated with a name 1959-
942 ## - ADDED ENTRY ELEMENTS (KOHA)
Item type Book - Borrowing
Call number prefix 338.094 J176
Holdings
Withdrawn status Item status Damaged status Not for loan Home library Current library Shelving location Date acquired Source of acquisition Total Checkouts Full call number Barcode Date last seen Date last borrowed Koha item type
        Central Library Central Library First floor 19/02/2007 Purchase 1 338.094 JAC 000002038 15/07/2025 03/01/2010 Book - Borrowing